Mapa Ameryki Południowej bez 8 losowych państw - Statystyki

Ogólne statystyki
  • Ten quiz został rozwiązany 34 razy
  • Średni wynik to 8 z 8
Odpowiedzi na mapie
Odpowiedzi zakodowano w zielono-czerwonej skali na mapie do tego quizu, zgodnie z poniższymi procentami.
 
Statystyki odpowiedzi
Kraje % Poprawnych
Argentyna
100%
Boliwia
100%
Brazylia
100%
Chile
100%
Kolumbia
100%
Paragwaj
100%
Wenezuela
100%
Peru
94%
Ekwador
93%
Gujana
93%
Urugwaj
92%
Surinam
80%
Nie znaleziono quizów pasujących do podanych kryteriów
Rozkład punktacji
Procent ludzi z każdym wynikiem
Percentyl według liczby udzielonych odpowiedzi
Twoja historia wyników
Nie rozwiązałeś tego quizu